| 000 | 00536nam a2200181Ia 4500 | ||
|---|---|---|---|
| 005 | 20250508150658.0 | ||
| 008 | 008 250505s9999 xx 000 0 eng d | ||
| 037 | _aBooks to be hide in OPAC | ||
| 040 |
_aFEDL _beng _cFEDL |
||
| 041 |
_aeng _2eng |
||
| 084 |
_a370.947, GOO/O _qFEDL |
||
| 100 |
_aGoode W T _9757352 |
||
| 245 | 0 | _aSchools teachers and scholars in Soviet Russia | |
| 260 |
_aLondon, UK _bWilliams And Norgate _c1929 |
||
| 300 | _axiv,82p | ||
| 942 |
_cHB _h370.947, GOO/O |
||
| 999 |
_c1324999 _d1324999 |
||